Contra la Troika : (Registro nro. 11675)
[ vista simple ]
| 000 -LEADER | |
|---|---|
| fixed length control field | 01470nam a2200277Ia 4500 |
| 003 - CONTROL NUMBER IDENTIFIER | |
| control field | OSt |
| 005 - DATE AND TIME OF LATEST TRANSACTION | |
| control field | 20210510140152.0 |
| 008 - FIXED-LENGTH DATA ELEMENTS--GENERAL INFORMATION | |
| fixed length control field | 210310s2015 sp ad gr 000 0 spa d |
| 020 ## - INTERNATIONAL STANDARD BOOK NUMBER | |
| International Standard Book Number | 9788446042068 |
| 040 ## - CATALOGING SOURCE | |
| Original cataloging agency | CO-JMCR |
| Transcribing agency | CO-JMCR |
| 041 1# - LANGUAGE CODE | |
| Language code of text/sound track or separate title | spa |
| Language code of original | eng |
| 082 04 - DEWEY DECIMAL CLASSIFICATION NUMBER | |
| Classification number | 330.946 / |
| Item number | L161c |
| Edition number | 23 |
| 100 1# - MAIN ENTRY--PERSONAL NAME | |
| Personal name | Costas Lappavitsas, Heiner Flassbeck, |
| Relator term | autor |
| 9 (RLIN) | 26157 |
| 245 10 - TITLE STATEMENT | |
| Title | Contra la Troika : |
| Remainder of title | crisis y austeridad en la eurozona / |
| Statement of responsibility, etc. | Heiner Flassbeck Costas Lappavitsas ; traducción de Pilar Caceres |
| 260 ## - PUBLICATION, DISTRIBUTION, ETC. | |
| Place of publication, distribution, etc. | Madrid, España : |
| Name of publisher, distributor, etc. | Akal, |
| Date of publication, distribution, etc. | 2015. |
| 300 ## - PHYSICAL DESCRIPTION | |
| Extent | 162 páginas : |
| Other physical details | ilustraciones, gráficas en blanco y negro ; |
| Dimensions | 22 cm. |
| 490 0# - SERIES STATEMENT | |
| Series statement | Pensamiento crítico ; |
| Volume/sequential designation | 43 |
| 501 ## - WITH NOTE | |
| With note | Con: notas a pie de pagina.<br/> |
| 504 ## - BIBLIOGRAPHY, ETC. NOTE | |
| Bibliography, etc. note | Bibliografía: páginas 157-162. |
| 505 ## - FORMATTED CONTENTS NOTE | |
| Formatted contents note | Agudización de la crisis de la Unión monetaria. -- Alemania, origen de la crisis de la Eurozona. -- El dilema de los flujos-fondos de la UEM. -- La incapacidad europea y global para resolver los desequilibrios exteriores. -- La UEM se encamina hacia el desastre. -- ¿Qué podría y debería hacer la izquierda?. -- Gestionar una salida conflictiva de la UEM. -- La catástrofe Griega. -- Una vía alternativa para Grecia. -- Un rayo de esperanza para Grecia y Europa. |
| 650 14 - SUBJECT ADDED ENTRY--TOPICAL TERM | |
| Topical term or geographic name entry element | Gestión de crisis |
| 9 (RLIN) | 37523 |
| 650 24 - SUBJECT ADDED ENTRY--TOPICAL TERM | |
| Topical term or geographic name entry element | La política monetaria |
| 9 (RLIN) | 37524 |
| 650 24 - SUBJECT ADDED ENTRY--TOPICAL TERM | |
| Topical term or geographic name entry element | Países de la Unión Europea |
| 9 (RLIN) | 37525 |
| 700 1# - ADDED ENTRY--PERSONAL NAME | |
| Personal name | Caceres, Pilar, |
| Relator term | traductor |
| 9 (RLIN) | 37526 |
| 942 ## - ADDED ENTRY ELEMENTS (KOHA) | |
| Source of classification or shelving scheme | Dewey Decimal Classification |
| Koha item type | Books |
| Withdrawn status | Lost status | Source of classification or shelving scheme | Damaged status | Not for loan | Home library | Current library | Shelving location | Date acquired | Source of acquisition | Full call number | Barcode | Date last seen | Copy number | Price effective from | Koha item type | Total Checkouts |
|---|---|---|---|---|---|---|---|---|---|---|---|---|---|---|---|---|
| Dewey Decimal Classification | Biblioteca Pública José María del Castillo y Rada | Biblioteca Pública José María del Castillo y Rada | General Stacks | 04/15/2018 | Donación | 330.946 / L161c | 430000308 | 05/16/2024 | Ej.1 | 03/10/2021 | Books | |||||
| Dewey Decimal Classification | Biblioteca Pública José María del Castillo y Rada | Biblioteca Pública José María del Castillo y Rada | General Stacks | 04/15/2018 | Donación | 330.946 / L161c | 430000309 | 05/16/2024 | Ej.2 | 03/10/2021 | Books |